Bundesliga 24/25 - nagła śmierć - Statystyki

Ogólne statystyki
  • Ten quiz został rozwiązany 792 razy
  • Średni wynik to 10 z 18
Answers on the Grid
Answers color-coded by a green-red scale on the quiz's grid according to % correct below.
Augsburg
Jahn Regensburg
Borussia Mönchengladbach
Freiburg
SSV Ulm
Hannover
Eintracht Brunszwik
RB Lipsk
Borussia Dortmund
Preußen Münster
Kaiserslautern
Stuttgart
Darmstadt
FC Koln
FC Nürnberg
St. Pauli
Wolfsburg
Fortuna Düsseldorf
Mainz
Heidenheim
Paderborn
Holstein Kiel
Bayern Monachium
Hoffenheim
Union Berlin
Werder Brema
Hamburger SV
KSC
Bochum
Magdeburg
Hertha Berlin
Eintracht Frankfurt
Elversberg
Greuther Fürth
FC Schalke 04
Bayer Leverkusen
 
Statystyki odpowiedzi
Odpowiedź % Poprawnych
Borussia Dortmund
80%
Borussia Mönchengladbach
80%
RB Lipsk
79%
Augsburg
76%
Stuttgart
73%
Freiburg
68%
Bayer Leverkusen
59%
Wolfsburg
56%
Bayern Monachium
55%
Eintracht Frankfurt
55%
Union Berlin
51%
Mainz
47%
Werder Brema
47%
Hoffenheim
46%
St. Pauli
46%
Heidenheim
42%
Bochum
39%
Holstein Kiel
35%
Nie znaleziono quizów pasujących do podanych kryteriów
Rozkład punktacji
Procent ludzi z każdym wynikiem
Percentyl według liczby udzielonych odpowiedzi
Twoja historia wyników
Nie rozwiązałeś tego quizu